| 000 | 00886cam a22002777i 4500 | ||
|---|---|---|---|
| 942 | _cBK | ||
| 999 |
_c708 _d708 |
||
| 001 | 19084181 | ||
| 003 | OSt | ||
| 005 | 20250420134822.0 | ||
| 008 | 160506s2016 flua b 001 0 eng d | ||
| 010 | _a 2015510935 | ||
| 020 |
_a9781482299182 _qpbk |
||
| 035 | _a(OCoLC)ocn944388332 | ||
| 040 |
_aEQO _beng _cKCST _erda |
||
| 050 | 0 | 0 |
_aQC174.12 _b.R33 2016 |
| 082 |
_a530.12 _bRa Qu |
||
| 100 | 1 |
_aRae, Alastair I. M., _eauthor. _95393 |
|
| 245 | 1 | 0 |
_aQuantum mechanics / _cAlastair I. M. Rae, Jim Napolitano. |
| 250 | _aSixth edition. | ||
| 260 | 1 |
_aBoca Raton, FL : _bCRC Press, Taylor & Francis Group, an informa business _c[2016] |
|
| 300 |
_axxv, 413 pages : _billustrations ; _c24 cm |
||
| 504 | _aIncludes bibliographical references (pages 403-405) and index. | ||
| 650 | 0 |
_aQuantum theory. _9358 |
|
| 700 | 1 |
_aNapolitano, Jim, _eauthor. _95394 |
|
| 942 | _2ddc | ||